Best Selling British Music Artists - Statistics

General Stats
  • This quiz has been taken 6,597 times
  • The average score is 9 of 33
Answer Stats
Sales Artist % Correct
250.0 million The Beatles
94%
89.5 million The Rolling Stones
73%
48.5 million Adele
57%
154.0 million Elton John
57%
90.5 million Queen
54%
28.8 million Oasis
49%
23.2 million The Who
45%
134.1 million Led Zeppelin
44%
110.2 million Pink Floyd
43%
22.4 million David Bowie
33%
37.7 million Spice Girls
33%
41.0 million Coldplay
31%
16.3 million Black Sabbath
27%
41.5 million George Michael
24%
35.4 million The Police
24%
43.2 million Robbie Williams
23%
38.6 million Genesis
21%
22.2 million Paul McCartney
20%
20.8 million Duran Duran
18%
70.3 million Fleetwood Mac
18%
82.4 million Phil Collins
18%
67.9 million Rod Stewart
17%
15.5 million Iron Maiden
16%
40.9 million Def Leppard
12%
63.7 million Bee Gees
11%
40.8 million Dire Straits
11%
23.8 million Depeche Mode
9%
18.5 million Eurythmics
8%
13.4 million Pet Shop Boys
8%
18.1 million UB40
5%
12.5 million Jethro Tull
3%
19.8 million Electric Light Orchestra
2%
33.9 million Sade
2%
No matching quizzes found
Score Distribution
Percent of People with Each Score
Percentile by Number Answered
Your Score History
You have not taken this quiz